000 00388nam a2200157Ia 4500
003 Ost
005 20260225132551.0
008 260225s9999||||xx |||||||||||||| ||und||
040 _cfsic
041 _afre
082 _a809.3
100 _aPaul balto clandine
_eAuteur
245 0 _aLe grand maghreb des indépendences à l'an 2000 /
245 0 _cPaul balto clandine
942 _cكتاب
999 _c34175
_d34175